Intekhab -e kalam Mustafá Zaidī / (Record no. 330052)

000 -LEADER
fixed length control field 00809nam a22002777a 4500
001 - CONTROL NUMBER
control field 12476091
003 - CONTROL NUMBER IDENTIFIER
control field NUST
005 - DATE AND TIME OF LATEST TRANSACTION
control field 20170613092117.0
008 - FIXED-LENGTH DATA ELEMENTS--GENERAL INFORMATION
fixed length control field 010712s1998 pk 000 0 urd
010 ## - LIBRARY OF CONGRESS CONTROL NUMBER
LC control number 2001300072
025 ## - OVERSEAS ACQUISITION NUMBER
Overseas acquisition number P-U-2001300072; 05; 06
035 ## - SYSTEM CONTROL NUMBER
System control number (DLC) 200130007
040 ## - CATALOGING SOURCE
Original cataloging agency DLC
Transcribing agency DLC
042 ## - AUTHENTICATION CODE
Authentication code lcode
050 00 - LIBRARY OF CONGRESS CALL NUMBER
Classification number NOT FOR LC
082 ## - DEWEY DECIMAL CLASSIFICATION NUMBER
Classification number 891.4391
Author Mark ZAI
100 1# - MAIN ENTRY--PERSONAL NAME
Personal name Zaidī, Mustafá,
Dates associated with a name 1930-1970.
9 (RLIN) 2102
240 10 - UNIFORM TITLE
Uniform title Works
Date of a work 1998
245 10 - TITLE STATEMENT
Title Intekhab -e kalam Mustafá Zaidī /
Statement of responsibility, etc. Mustafá zaidī. tarteeb o intekhab by Nusrat Zaidi
260 ## - PUBLICATION, DISTRIBUTION, ETC.
Place of publication, distribution, etc. Lāhore :
Name of publisher, distributor, etc. al-Ḥamd Publīkeshanz,
Date of publication, distribution, etc. 2009
300 ## - PHYSICAL DESCRIPTION
Extent 224 p.
Dimensions 22 cm.
500 ## - GENERAL NOTE
General note Poems.
546 ## - LANGUAGE NOTE
Language note In Urdu.
650 ## - SUBJECT ADDED ENTRY--TOPICAL TERM
Topical term or geographic name entry element Urdu Literature- Poems
9 (RLIN) 1989
880 ## - ALTERNATE GRAPHIC REPRESENTATION
Title انتخاب کلام مصطفیٰ زیدی
Linkage 245-02\(3\r
c ترتیب و انتخاب: نصرت زیدی
880 ## - ALTERNATE GRAPHIC REPRESENTATION
Title مصطفیٰ زیدی. ترتیب و انتخاب: نصرت زیدی
Linkage 100-01\(3\r
880 ## - ALTERNATE GRAPHIC REPRESENTATION
Title لاہور:
Linkage 260-03\(3\r
b الحمد پبلی کیشن،
c 2009.
906 ## - LOCAL DATA ELEMENT F, LDF (RLIN)
a 7
b cbc
c origode
d 3
e ncip
f 20
g y-gencatlg
942 ## - ADDED ENTRY ELEMENTS (KOHA)
Source of classification or shelving scheme
Koha item type Book
Holdings
Withdrawn status Lost status Source of classification or shelving scheme Damaged status Not for loan Collection code Permanent Location Current Location Shelving location Date acquired Total Checkouts Total Renewals Full call number Barcode Date last seen Copy number Price effective from Koha item type
            Central Library (CL) Central Library (CL) Fiction 06/07/2017   2 891.4391 ZAI CL2552 12/14/2022 1 06/07/2017 Book
© 2023 Central Library, National University of Sciences and Technology. All Rights Reserved.